Manual of Nursing Diagnosis : (Record no. 15229)
[ view plain ]
| 000 -LEADER | |
|---|---|
| fixed length control field | 01825cas a22004693a 4500 |
| 001 - CONTROL NUMBER | |
| control field | 10687673 |
| 005 - DATE AND TIME OF LATEST TRANSACTION | |
| control field | 20090605131700.0 |
| 008 - FIXED-LENGTH DATA ELEMENTS--GENERAL INFORMATION | |
| fixed length control field | 880321s2007maugr |rf 001 0 eng d |
| 010 ## - LIBRARY OF CONGRESS CONTROL NUMBER | |
| LC control number | sc 88035004 |
| Canceled/invalid LC control number | sn 84007214 |
| 016 7# - NATIONAL BIBLIOGRAPHIC AGENCY CONTROL NUMBER | |
| Record control number | 8210809 |
| Source | DNLM |
| 016 7# - NATIONAL BIBLIOGRAPHIC AGENCY CONTROL NUMBER | |
| Record control number | SR0052494 |
| Source | DNLM |
| 020 ## - INTERNATIONAL STANDARD BOOK NUMBER | |
| International Standard Book Number | 0763740454 |
| 020 ## - INTERNATIONAL STANDARD BOOK NUMBER | |
| International Standard Book Number | 9780763740450 |
| 022 0# - INTERNATIONAL STANDARD SERIAL NUMBER | |
| International Standard Serial Number | 0748-920X |
| Source | 1 |
| 035 ## - SYSTEM CONTROL NUMBER | |
| System control number | (OCoLC)ocm11027635 |
| 040 ## - CATALOGING SOURCE | |
| Original cataloging agency | NSD |
| Transcribing agency | NSD |
| Modifying agency | NLM |
| -- | NSD |
| -- | NST |
| -- | DLC |
| -- | IUL |
| -- | NSD |
| -- | NST |
| -- | IUL |
| -- | NST |
| -- | IUL |
| -- | OCL |
| -- | IUL |
| 042 ## - AUTHENTICATION CODE | |
| Authentication code | nsdp |
| -- | lc |
| 050 14 - LIBRARY OF CONGRESS CALL NUMBER | |
| Classification number | RT51 |
| Item number | .G67 |
| 060 00 - NATIONAL LIBRARY OF MEDICINE CALL NUMBER | |
| Classification number | WY 39 |
| Item number | M294 |
| 082 10 - DEWEY DECIMAL CLASSIFICATION NUMBER | |
| Classification number | 610 |
| Edition number | 22 |
| Item number | GOR |
| 100 1# - MAIN ENTRY--PERSONAL NAME | |
| Personal name | Gordon, Marjory. |
| 9 (RLIN) | 23527 |
| 245 10 - TITLE STATEMENT | |
| Title | Manual of Nursing Diagnosis : |
| Remainder of title | Including all diagnostic categories approved by the North American Nursing Diagnosis Association / |
| Statement of responsibility, etc | Marjory Gordon. |
| 250 ## - EDITION STATEMENT | |
| Edition statement | 11th ed. |
| 260 ## - PUBLICATION, DISTRIBUTION, ETC. (IMPRINT) | |
| Place of publication, distribution, etc | Sudbury, MA : |
| Name of publisher, distributor, etc | Jones and bartlett pub., 2007 |
| Date of publication, distribution, etc | 2007 |
| 300 ## - PHYSICAL DESCRIPTION | |
| Extent | 398 p. : |
| Other physical details | ill. ; |
| Dimensions | 15 cm. |
| 310 ## - CURRENT PUBLICATION FREQUENCY | |
| Current publication frequency | Biennial |
| 362 0# - DATES OF PUBLICATION AND/OR SEQUENTIAL DESIGNATION | |
| Dates of publication and/or sequential designation | [1982]- |
| 500 ## - GENERAL NOTE | |
| General note | Includes index |
| 515 ## - NUMBERING PECULIARITIES NOTE | |
| Numbering peculiarities note | Vol. for 1984-1985 preceded by unnumbered, undated vol. issued in 1982. |
| 590 ## - LOCAL NOTE (RLIN) | |
| Local note | Selection Decision based on 1986-1987 |
| 590 ## - LOCAL NOTE (RLIN) | |
| Local note | Title from title page. |
| 650 #0 - SUBJECT ADDED ENTRY--TOPICAL TERM | |
| Topical term or geographic name as entry element | Diagnosis |
| Form subdivision | Handbooks, manuals, etc. |
| 9 (RLIN) | 23528 |
| 650 #0 - SUBJECT ADDED ENTRY--TOPICAL TERM | |
| Topical term or geographic name as entry element | Nursing |
| Form subdivision | Handbooks, manuals, etc. |
| 9 (RLIN) | 23529 |
| 650 #0 - SUBJECT ADDED ENTRY--TOPICAL TERM | |
| Topical term or geographic name as entry element | Nursing assessment |
| Form subdivision | Handbooks, manuals, etc. |
| 9 (RLIN) | 23530 |
| 650 #2 - SUBJECT ADDED ENTRY--TOPICAL TERM | |
| Topical term or geographic name as entry element | Diagnosis |
| Form subdivision | Handbooks. |
| 9 (RLIN) | 23531 |
| 650 #2 - SUBJECT ADDED ENTRY--TOPICAL TERM | |
| Topical term or geographic name as entry element | Nursing Assessment |
| Form subdivision | Handbooks. |
| 9 (RLIN) | 23532 |
| 650 #2 - SUBJECT ADDED ENTRY--TOPICAL TERM | |
| Topical term or geographic name as entry element | Nursing Process |
| Form subdivision | Handbooks. |
| 9 (RLIN) | 23533 |
| 653 ## - INDEX TERM--UNCONTROLLED | |
| Resource For college | |
| Arrived date list | April2011 |
| 942 ## - ADDED ENTRY ELEMENTS (KOHA) | |
| Source of classification or shelving scheme | Dewey Decimal Classification |
| Item type | |
| Withdrawn status | Item status | Source of classification or shelving scheme | Damaged status | Not for loan | Vendor | Home library | Current library | Shelving location | Date acquired | Source of acquisition | Cost, normal purchase price | Serial Enumeration / chronology | Total Checkouts | Total Renewals | Full call number | Barcode | Date last seen | Date last borrowed | Koha item type |
|---|---|---|---|---|---|---|---|---|---|---|---|---|---|---|---|---|---|---|---|
| Dewey Decimal Classification | Academic Bookshop | Central Library | Central Library | First floor | 03/05/2011 | 158.00 | 2065 | 22 | 54 | 610 GOR | 000023510 | 15/07/2025 | 30/01/2025 | Book - Borrowing |